Gaming Quiz

Random Gaming or Clickable Quiz

Super Smash Bros Melee Special Moves Match Quiz Stats

 Plays Quiz not verified by Sporcle

Support Sporcle.
Go Orange.
Score 0/26 Timer 15:00
0 Plays Today
% Correct
Falco
95.6%
Fox
95.6%
Jigglypuff
94.4%
Captain Falcon
93.3%
Mario
92.2%
Ness
92.2%
Luigi
91.1%
Dr. Mario
90%
Bowser
90%
Yoshi
90%
Link
90%
Ganondorf
87.8%
Peach
86.7%
% Correct
Donkey Kong
86.7%
Kirby
86.7%
Young Link
86.7%
Samus
85.6%
Mewtwo
85.6%
Ice Climbers
83.3%
Zelda
83.3%
Pikachu
82.2%
Sheik
81.1%
Pichu
80%
Marth
80%
Roy
68.9%
Mr. Game & Watch
62.2%

You're not logged in!

Compare scores with friends on all Sporcle quizzes.
OR
Log In

From the Vault

Tiny Almost Useless Trivia III

by sproutcm

We have to wonder if this information would be a little more useful if it were larger.
Remove Ads.
Support Sporcle.
Get the best of Sporcle when you Go Orange. This ad-free experience offers more features, more stats, and more fun while also helping to support Sporcle. Thank you for becoming a member.

Show Comments

Extras

Top Quizzes Today


Score Distribution

Your Account Isn't Verified!

In order to create a playlist on Sporcle, you need to verify the email address you used during registration. Go to your Sporcle Settings to finish the process.

Report this User

Report this user for behavior that violates our Community Guidelines.

Details: